| 000 | 00996nam a2200217 a 4500 | ||
|---|---|---|---|
| 001 | 22667 | ||
| 003 | CO-ViMGA | ||
| 008 | 141112s2004 ck r 000 u spa d | ||
| 020 | _a9586902544 | ||
| 040 |
_aCO-ViMGA _bspa _cCO-ViMGA |
||
| 082 | 0 | 4 | _a340.1 A483h |
| 100 | 1 |
_aAgudelo Ramírez, Martín _932308 |
|
| 245 | 1 | 0 |
_aHumanismo jurídico : _bEl derecho desde una actitud humanista |
| 260 |
_aBogotá : _bLeyer, _c2001 |
||
| 300 | _a175 | ||
| 505 | _aAproximación filosófica al humanismo 7 - 52 - - El hombre y el derecho : Hacia un humanismo juridico 63 - 116 - - Filosofia del derecho y sus posibilidades para la reconstruccion de un derecho positivo de cara al hombre 119 - 129 - - Importancia de la hermeneutica juridica en la configuracion de un nuevo humanismo juridico 133 - 157 | ||
| 590 | _aForma de adquisición : Compra - - Precio : 20.000 - - Proveedor : Dismet - - Fecha de adquisición : 2008 | ||
| 650 | 1 | 4 | _aFILOSOFIA DEL DERECHO |
| 650 | 1 | 4 | _aHUMANISMO |
| 942 |
_2ddc _cBK |
||
| 999 |
_c30967 _d30967 |
||